1997 international bibliography of sociology. volume XLVII. (Record no. 15001)
[ view plain ]
| 000 -LEADER | |
|---|---|
| fixed length control field | 00682nam a22002172 4500 |
| 001 - CONTROL NUMBER | |
| control field | 0000005401 |
| 005 - DATE AND TIME OF LATEST TRANSACTION | |
| control field | 20151217161136.0 |
| 008 - FIXED-LENGTH DATA ELEMENTS--GENERAL INFORMATION | |
| fixed length control field | 070613s xx 000 0 eng d |
| 020 ## - INTERNATIONAL STANDARD BOOK NUMBER | |
| International Standard Book Number | 041519301X : |
| 040 ## - CATALOGING SOURCE | |
| Original cataloging agency | KABU |
| Transcribing agency | KABU |
| 050 #0 - LIBRARY OF CONGRESS CALL NUMBER | |
| Classification number | Z7164 |
| Item number | .S68I58 |
| 110 2# - MAIN ENTRY--CORPORATE NAME | |
| Corporate name or jurisdiction name as entry element | BLPES [British Library of Political and Economic Science] |
| -- | 0000156707 |
| 245 10 - TITLE STATEMENT | |
| Title | 1997 international bibliography of sociology. volume XLVII. |
| 260 ## - PUBLICATION, DISTRIBUTION, ETC. (IMPRINT) | |
| Place of publication, distribution, etc. | London : |
| Name of publisher, distributor, etc. | Routledge, |
| Date of publication, distribution, etc. | 1998. |
| 300 ## - PHYSICAL DESCRIPTION | |
| Extent | cxvi, 538 p. |
| 362 0# - DATES OF PUBLICATION AND/OR SEQUENTIAL DESIGNATION | |
| Dates of publication and/or sequential designation | vol. XLVII. |
| 650 #0 - SUBJECT ADDED ENTRY--TOPICAL TERM | |
| Topical term or geographic name as entry element | Sociology |
| General subdivision | Bibliography. |
| -- | 0000156708 |
| 908 ## - PUT COMMAND PARAMETER (RLIN) | |
| Put command parameter | 070613 |
| 950 ## - LOCAL HOLDINGS (RLIN) | |
| -- | 1 |
| Withdrawn status | Lost status | Source of classification or shelving scheme | Not for loan | Home library | Current library | Date acquired | Total Checkouts | Full call number | Barcode | Date last seen | Price effective from | Koha item type |
|---|---|---|---|---|---|---|---|---|---|---|---|---|
| Library of Congress Classification | Not For Loan | Kabarak, Main Campus | Kabarak, Main Campus | 17/12/2015 | Z7164 .S68I58 | 010038 | 17/12/2015 | 17/12/2015 | Reference |